[Event "CAN-ch U18"]
[Site "Windsor"]
[Date "2016.07.07"]
[Round "5.8"]
[White "Wang, Jeffrey"]
[Black "Bari, Zeeshan"]
[Result "1-0"]
[WhiteElo "1358"]
[BlackElo "1027"]
[PlyCount "63"]
[EventDate "2016.07.05"]
[EventType "swiss"]
[EventRounds "7"]
[EventCountry "CAN"]
[SourceTitle "EXT 2022"]
[Source "ChessBase"]
[SourceDate "2021.10.06"]
[SourceVersion "1"]
[SourceVersionDate "2021.10.06"]
[SourceQuality "1"]

1. d4 d5 2. c4 e6 3. Nc3 Bb4 4. Bf4 Bxc3+ 5. bxc3 Nf6 6. e3 Nc6 7. Nf3 Bd7 8. Qc2 Na5 9. cxd5 exd5 10. Bd3 Nc6 11. 0-0 Bg4 12. Nd2 Qd7 13. Rab1 b6 14. f3 Be6 15. c4 Rc8 16. Bg3 Ne7 17. Qc3 Nh5 18. Bf2 c6 19. Rfc1 0-0 20. c5 b5 21. Re1 Bf5 22. e4 Be6 23. Qc2 h6 24. a3 Ng6 25. exd5 cxd5 26. Bxb5 Bf5 27. Bxd7 Bxc2 28. Rbc1 Rc7 29. Bg4 Ngf4 30. Rxc2 Nf6 31. Bh3 Nd3 32. Re3 1-0

[Event "CAN-ch U18"]
[Site "Windsor"]
[Date "2016.07.06"]
[Round "2.6"]
[White "Wang, Jeffrey"]
[Black "Muntaner, Daniel"]
[Result "1/2-1/2"]
[WhiteElo "1358"]
[BlackElo "1697"]
[PlyCount "66"]
[EventDate "2016.07.05"]
[EventType "swiss"]
[EventRounds "7"]
[EventCountry "CAN"]
[SourceTitle "EXT 2022"]
[Source "ChessBase"]
[SourceDate "2021.10.06"]
[SourceVersion "1"]
[SourceVersionDate "2021.10.06"]
[SourceQuality "1"]

1. d4 d5 2. c4 e6 3. Nc3 Nf6 4. Bf4 c6 5. e3 Be7 6. Nf3 Nbd7 7. Rc1 b6 8. a3 Bb7 9. cxd5 Nxd5 10. Nxd5 exd5 11. Bd3 Rc8 12. 0-0 c5 13. Bb5 0-0 14. Qa4 Nf6 15. Qxa7 Bc6 16. Bxc6 Rxc6 17. dxc5 Rxc5 18. b4 Rxc1 19. Rxc1 Bd6 20. Bxd6 Qxd6 21. h3 h6 22. Nd4 Qb8 23. Qa6 Qa8 24. Qd3 Rc8 25. Rxc8+ Qxc8 26. Ne2 Qc6 27. Nc3 Qa8 28. a4 Qf8 29. Qd4 Qd6 30. e4 Qf4 31. Nxd5 Nxd5 32. Qxd5 Qc1+ 33. Kh2 Qf4+ 1/2-1/2